000 00328nam a22001337a 4500
008 180919b xxu||||| |||| 00| 0 eng d
020 _a9780691025117
041 _aeng
080 _a941
100 _a16
101 _aHIS
245 _aTo Infinity A Cultural A hIstory Of Infinity And Beyond
_cEli,M
942 _2udc
_cBK
999 _c48069
_d48069